006960000a220009700045001000034000002450047000343000040000815200413001216500009005347730055005431 aMendivelso Fernández, Urith10aRespeto por la Vida y los Derechos Humanos anúm.9 (jul- dic, 2011), Pág. 12 aEn toda la época de la historia universal la violación de los Derechos Humanos ha sido la noticia de cada día, los medios de comunicación se alimentan y se gozan mostrando los ríos de sangre que corren a lo largo y ancho del universo por sus actores. La humanidad y toda la creación gimen ante tan cruel flagelo que viola las leyes de Dios y las leyes establecidas por los estados de cada país14aVIDA0 tRevista trimestral interdenominacional cristiana -